Concrete technology theory and practice (Record no. 5724)

MARC details
000 -LEADER
fixed length control field 00349nam a2200145Ia 4500
008 - FIXED-LENGTH DATA ELEMENTS--GENERAL INFORMATION
fixed length control field 191201s2011 xx 000 0 und d
082 ## - DEWEY DECIMAL CLASSIFICATION NUMBER
Classification number 624.1834
Item number GAC
100 ## - MAIN ENTRY--PERSONAL NAME
Personal name GAMBHIR,ML
245 #0 - TITLE STATEMENT
Title Concrete technology theory and practice
250 ## - EDITION STATEMENT
Edition statement 5th
260 ## - PUBLICATION, DISTRIBUTION, ETC. (IMPRINT)
Place of publication, distribution, etc N. delhi
Name of publisher, distributor, etc TMH
Date of publication, distribution, etc 2011
300 ## - PHYSICAL DESCRIPTION
Extent 774
650 ## - SUBJECT ADDED ENTRY--TOPICAL TERM
Topical term or geographic name as entry element B.Tech(CE)
942 ## - ADDED ENTRY ELEMENTS (KOHA)
Source of classification or shelving scheme Dewey Decimal Classification
Koha item type Text Books
942 ## - ADDED ENTRY ELEMENTS (KOHA)
-- 3
Holdings
Withdrawn status Lost status Source of classification or shelving scheme Damaged status Not for loan Collection code Home library Current library Date acquired Source of acquisition Cost, normal purchase price Bill Number Total Checkouts Full call number Acc. no. / Barcode Date last seen Date last borrowed Bill Date Koha item type Checked out
    Dewey Decimal Classification     B.Tech(CE) PIET C-LIBRARY PIET C-LIBRARY 17/05/2013 IBH, New Delhi 495.00 1511 1 624.1834 GAC 22442 28/09/2022 15/09/2022 15/05/2013 Text Books  
    Dewey Decimal Classification     B.Tech(CE) PIET C-LIBRARY PIET C-LIBRARY 17/05/2013 IBH, New Delhi 495.00 1511   624.1834 GAC 22443 04/12/2019   15/05/2013 Text Books  
    Dewey Decimal Classification     B.Tech(CE) PIET C-LIBRARY PIET C-LIBRARY 17/05/2013 IBH, New Delhi 495.00 1511 1 624.1834 GAC 22444 20/01/2022 20/01/2022 15/05/2013 Text Books 19/07/2022
    Dewey Decimal Classification     B.Tech(CE) PIET C-LIBRARY PIET C-LIBRARY 17/05/2013 IBH, New Delhi 495.00 1511   624.1834 GAC 22445 04/12/2019   15/05/2013 Text Books  
    Dewey Decimal Classification     B.Tech(CE) PIET C-LIBRARY PIET C-LIBRARY 17/05/2013 IBH, New Delhi 495.00 1511   624.1834 GAC 22446 04/12/2019   15/05/2013 Text Books  
    Dewey Decimal Classification     B.Tech(CE) PIET C-LIBRARY PIET C-LIBRARY 17/05/2013 IBH, New Delhi 495.00 1511   624.1834 GAC 22447 04/12/2019   15/05/2013 Text Books  
    Dewey Decimal Classification     B.Tech(CE) PIET C-LIBRARY PIET C-LIBRARY 17/05/2013 IBH, New Delhi 495.00 1511   624.1834 GAC 22448 20/12/2019   15/05/2013 Text Books  
    Dewey Decimal Classification     B.Tech(CE) PIET C-LIBRARY PIET C-LIBRARY 17/05/2013 IBH, New Delhi 495.00 1511   624.1834 GAC 22449 04/12/2019   15/05/2013 Text Books  
    Dewey Decimal Classification     B.Tech(CE) PIET C-LIBRARY PIET C-LIBRARY 17/05/2013 IBH, New Delhi 495.00 1511 1 624.1834 GAC 22450 23/12/2019 20/12/2019 15/05/2013 Text Books  
    Dewey Decimal Classification     B.Tech(CE) PIET C-LIBRARY PIET C-LIBRARY 17/05/2013 IBH, New Delhi 495.00 1511 2 624.1834 GAC 22451 07/01/2026 24/12/2025 15/05/2013 Text Books  

Design & Developed by: PIET Central Library
R70 Miles Stone Pattikalyana Samalkha Panipat 132102
mail ID :- [email protected], Phone No:- 0180-2569700 Ex.216